LEADER 01201nam a2200313 i 4500 001 991004378032307536 005 20250429173235.0 008 250429s2001 it er 001 e mul d 020 $a8817171840 040 $aBibl. Dip.le Aggr. Studi Umanistici - Sez. Filosofia$bita$cSocioculturale Scs 041 0 $aita$aeng 082 04$a320.01$223 100 1 $aLocke, John$d1632-1704$044514 240 13$aAn essay concerning the true original, extent, and end of civil government 245 13$aIl secondo trattato sul governo :$bsaggio concernente la vera origine, l'estensione e il fine del governo civile /$cJohn Locke ; introduzione di Tito Magri ; traduzione di Anna Gialluca 250 $a2. edizione 260 $aMilano :$bRizzoli,$c2001 300 $a397 p. ;$c18 cm 490 1 $aBUR. Classici ;$v1184 490 1 $aBUR. L ;$v1184 500 $aTesto inglese a fronte 650 4$aGoverno$xTeorie$yOpere del 17. sec. 700 1 $aMagri, Tito 700 1 $aGialluca, Anna 830 0$aBUR.$pClassici ;$v1184 830 0$aBUR. L ;$v1184 912 $a991004378032307536 996 $aEssay concerning the true original, extent, and end of civil government$93635279 997 $aUNISALENTO